00459nam a2200169Ia 450000500170000000800410001701600140005804000240007205000150009608200120011110000230012324500340014626000440018030000190022456300100024365000360025320260415091825.0210303s9999 xx 000 0 und d 2reto2022b aNLNbEnglisheAACR2 aPZ1b.A258 a808.831 aRIVE, Richardeaut 0aAfrican songs /cRichard Rive aBerlin :bSeven Seas Publishers,c1963. a149p. ;b18cm. a(pbk) aShort stories, Southern African